[Event "SRB-chT 1st League Women 2018"]
[Site "Zajecar"]
[Date "2018.09.04"]
[Round "5"]
[White "Miladinovic, Lena"]
[Black "Blagojevic, Tijana"]
[Result "1/2-1/2"]
[WhiteElo "2098"]
[BlackElo "2232"]
[Annotator "TA"]
[PlyCount "120"]
[EventDate "2018.08.31"]
[EventType "team-tourn"]
[EventCountry "SRB"]
[SourceTitle "playchess.com"]
[Source "ChessBase"]
[SourceQuality "1"]

{[%evp 11,120,2,13,4,29,24,12,18,16,22,23,-2,0,-8,-4,-10,-13,-5,-9,-3,-5,-25,-18,-47,0,-3,-4,-4,-6,-4,16,-14,27,29,41,19,18,0,0,0,4,-12,-12,-12,0,-13,0,-11,-6,-13,-15,-12,0,-18,0,-11,-10,-19,-5,-12,-12,-35,-35,-35,-35,-35,-35,-35,-21,-39,-38,-59,-60,-72,-72,-72,-79,-79,-79,-77,-78,-72,-45,-44,0,0,0,0,0,0,0,0,0,0,0,0,0,0,0,0,0,0,0,0,0,0,0,0,0,0,0]} 1. Nf3 d5 2. e3 Nf6 3. c4 c6 4. Nc3 e6 {[%cal Be7e6,Be6e5,Be5e4][%mdl 32]} 5. b3 Bd6 6. Bb2 O-O {LiveBook: 324 Games} 7. Rc1 {A11: English Opening: 1...c6} (7. Be2 Nbd7 8. Qc2 b6 9. Rg1 Bb7 10. g4 Qe7 11. g5 Ne8 12. h4 Rc8 13. h5 Ba3 14. Bxa3 Qxa3 15. cxd5 cxd5 16. Bb5 {½-½ (63) Nepomniachtchi,I (2757)-Muzychuk,A (2564) Jerusalem 2018}) 7... e5 8. cxd5 cxd5 9. Nb5 Nc6 10. Nxd6 $146 ({Predecessor:} 10. Be2 Bb8 11. d4 e4 12. Ne5 a6 13. Nxc6 bxc6 14. Nc3 Qd6 {0-1 (46) Guillaumot,J-Vidal Pardal,M France 1946}) 10... Qxd6 11. d4 e4 12. Ne5 Ne7 13. Be2 Ne8 {[%cal Bf6e8,Be8c7,Bc7b5][%mdl 32]} 14. h3 f6 15. Ng4 Bd7 16. Rc3 Nc7 17. Qc1 {[#] Hoping for Ba3.} Bc6 18. Ba3 Qd7 19. O-O Rfc8 20. Rc2 a6 21. Qd2 Nb5 22. Bc5 Nd6 23. Rfc1 Bb5 24. a4 Bxe2 25. Qxe2 Rc6 26. a5 Rac8 27. Nh2 Qc7 28. Qe1 Nb5 29. Nf1 Nf5 30. Bb6 Qd7 31. Bc5 Qc7 32. Bb6 Qd7 33. Bc5 Qf7 34. Qe2 Qg6 35. b4 h5 36. Bb6 (36. Kh2 {seems wilder.} Qf7 37. Kg1 g6 38. Nd2 Kg7 39. Nf1) 36... Rxc2 37. Rxc2 Rxc2 38. Qxc2 {[#] Black must now prevent Qc8+.} Qe8 39. Nd2 Nfd6 40. Nb3 Nc4 41. Bc5 g6 42. Nd2 Nba3 43. Qc3 Nxd2 44. Qxd2 Nc4 45. Qd1 Kf7 46. g4 hxg4 47. Qxg4 Nd2 48. Qf4 {And now Qc7+ would win.The position is equal.} Qd7 49. Qh6 Nf3+ 50. Kg2 Ng5 51. Qf8+ Ke6 52. Qg8+ Qf7 53. Qc8+ Qd7 54. Qg8+ Kf5 55. Qb8 Ne6 56. h4 Qc7 57. Qg8 Qg7 58. Qb8 {aiming for Qd6.} Qc7 59. Qg8 Qg7 60. Qb8 {Qd6 is the strong threat.} Qc7 {Precision: White = 50%, Black = 60%.} 1/2-1/2

[Event "SRB-chT 1st League Women 2018"]
[Site "Zajecar"]
[Date "2018.09.05"]
[Round "6"]
[White "Zimina, Olga"]
[Black "Belenkaya, Dina"]
[Result "1/2-1/2"]
[WhiteElo "2421"]
[BlackElo "2287"]
[Annotator "TA"]
[PlyCount "86"]
[EventDate "2018.08.31"]
[EventType "team-tourn"]
[EventCountry "SRB"]
[SourceTitle "playchess.com"]
[Source "ChessBase"]
[SourceQuality "1"]

{[%evp 17,86,0,0,-8,0,0,0,-12,-5,-31,4,-22,-13,-8,0,0,0,-3,-5,-16,-6,-13,16,8,25,16,15,0,0,-6,0,-8,0,0,0,0,0,-16,-21,-47,0,-87,-83,-141,-141,-155,-166,-204,-183,-178,-56,-44,-54,-132,0,0,0,-116,-85,-164,-24,-55,0,0,0,0,0,0,0,0,0]} 1. c4 e5 2. Nc3 Nc6 3. Nf3 Nf6 4. g3 Bb4 5. Bg2 d6 6. O-O O-O 7. d3 h6 {A29: Englische Eröffnung (Vierspringer-Variante)} (7... Bxc3 8. bxc3 e4 9. Nd4 exd3 10. exd3 Nxd4 11. cxd4 d5 12. Bg5 c6 13. cxd5 cxd5 14. Qb3 b6 15. Rae1 h6 16. Bxf6 Qxf6 17. Re5 Be6 {1-0 (37) Kramnik,V (2792)-Duda,J (2737) Dortmund 2018}) 8. Bd2 a5 9. a3 Bc5 {LiveBook: 12 Partien} 10. Ne1 Bf5 $146 ({Vorgänger:} 10... Bg4 11. h3 Bh5 12. Nc2 Re8 13. Rb1 Qc8 14. b4 axb4 15. axb4 Bb6 16. Kh2 Ra7 {½-½ (16) Ullmann,S-Simon,F Darmstadt 1997}) 11. Nc2 Qd7 12. e4 Bg4 13. Qc1 Kh7 14. Be3 Nd4 15. Bxd4 $1 exd4 16. Nb5 Be2 17. Qd2 $1 {[%cal Rd2e2]} Bxf1 18. Rxf1 c6 19. Nbxd4 d5 {Droht stark ...dxc4.} 20. cxd5 cxd5 21. e5 Ng8 22. h4 Ne7 $36 {[%mdl 2048] Schwarz drückt.} 23. Kh2 Bxd4 24. Nxd4 Qc7 25. f4 Qb6 26. Ne2 Rac8 27. f5 {Schwarz sollte f6 verhindern.} f6 28. e6 Rc6 {...Tfc8 ist eine echte Drohung.} (28... Rc7 $5 {[%cal Rf8c8]} 29. Nc3 d4 $11) 29. d4 (29. Nf4 $11) 29... Qb3 $17 {Droht ...Tc2 und aus.} 30. Nc3 (30. Rf3 $142 Rc2 31. Rxb3 Rxd2 32. Rxb7 Nxf5 33. Nf4) 30... b5 $1 31. Rf3 b4 32. axb4 axb4 33. Nd1 Qa4 (33... Rc2 $19 34. Rxb3 Rxd2) 34. Ne3 $15 Rfc8 35. Rf1 {[#]} (35. Kh3 $15) 35... Ra6 (35... Rc2 $1 $17 {[%mdl 512]} 36. Nxc2 Rxc2) 36. Kh3 ({Vergiftet wäre} 36. Bxd5 $2 Nxd5 37. Kh3 (37. Nxd5 $2 Rc2 $19) 37... Qb5 $19) 36... Qb3 {und nun wäre ...Ta2 stark für Schwarz.} 37. Rf3 (37. Bf3 $11 {bleibt in der Remisbreite.}) 37... Ra2 $17 38. Rf2 {[#]} (38. Nd1 $17 {war angesagt.} Qc2 39. Rf2 Qxd2 40. Rxd2) 38... Rc7 ({Lieber} 38... Rc3 $1 $19 {[%cal Rc3e3][%mdl 512]} 39. Re2 (39. bxc3 Rxd2) 39... Rd3) 39. Bf3 {[#] Und weiter mit Ld1 wäre nett.} Ra1 (39... Rxb2 $1 $15 {[%mdl 512]} 40. Qxb2 Qxe3) 40. Bd1 $11 {Die Stellung ist ausgeglichen.} Qa2 41. Qxb4 Qb1 42. Qd2 Rc1 {[%cal Rc1d1]} 43. Rf1 Nc6 {Precision: Weiß = 34%, Schwarz = 52%.} 1/2-1/2

[Event "SRB-chT 1st League Women 2018"]
[Site "Zajecar"]
[Date "2018.09.05"]
[Round "6"]
[White "Bulmaga, Irina"]
[Black "Doluhanova, Evgeniya"]
[Result "*"]
[WhiteElo "2394"]
[BlackElo "2321"]
[Annotator "TA"]
[PlyCount "32"]
[EventDate "2018.08.31"]
[EventType "team-tourn"]
[EventCountry "SRB"]
[SourceTitle "playchess.com"]
[Source "ChessBase"]
[SourceQuality "1"]

{[%evp 11,12,9,14]} 1. e4 c5 2. Nf3 Nc6 3. Bb5 g6 4. O-O Bg7 5. c3 Nf6 6. Re1 O-O {Vorgänger:} 7. d4 $146 d5 8. e5 Ne4 9. dxc5 Bg4 10. Bf4 f6 11. e6 Nxc5 12. h3 Bxe6 13. Nd4 Nxd4 14. cxd4 Ne4 15. f3 Nd6 16. Rxe6 Nxb5 {0-1 (41) Svidler,P (2753)-Gelfand,B (2703) Jerusalem 2018} *

[Event "SRB-chT 1st League Women 2018"]
[Site "Zajecar"]
[Date "2018.09.05"]
[Round "6"]
[White "Velikic, Adela"]
[Black "Petrovic, Danijela"]
[Result "0-1"]
[WhiteElo "2339"]
[BlackElo "1996"]
[Annotator "TA"]
[PlyCount "82"]
[EventDate "2018.08.31"]
[EventType "team-tourn"]
[EventCountry "SRB"]
[SourceTitle "playchess.com"]
[Source "ChessBase"]
[SourceQuality "1"]

{[%evp 10,82,26,8,14,0,5,8,16,-15,0,-16,-15,-23,-16,-27,-16,-67,-45,-69,-82,-96,-100,-92,-93,-96,-88,-88,-93,-100,-77,-81,-76,-100,-74,-59,-64,-83,-79,-79,-80,-78,-78,-129,-120,-131,-114,-128,-129,-152,-136,-193,-187,-293,-285,-303,-304,-330,-319,-294,-296,-395,-367,-366,-362,-343,-331,-642,-555,-554,-553,-546,-539,-1171,644]} 1. e4 c6 2. Nc3 d5 3. Nf3 Bg4 4. h3 Bxf3 5. Qxf3 e6 6. d3 {LiveBook: 544 Partien} Qb6 {B11: Caro-Kann (Zweispringer-Variante)} (6... Nd7 7. Bd2 Qb6 8. O-O-O Bd6 9. h4 Ne7 10. h5 Be5 11. h6 g6 12. Na4 Qc7 13. Nc3 Rc8 14. Ne2 c5 15. exd5 Nxd5 {0-1 (25) Liang,A (2572)-Mamedyarov,S (2804) chess.com INT 2018}) 7. Bd2 $146 ({Vorgänger:} 7. g3 Nd7 8. Bg2 d4 9. Nb1 Bb4+ 10. Bd2 Ngf6 11. O-O O-O 12. c3 Ne5 13. Qe2 Be7 14. Bf4 {0-1 (64) Rietman,F (2244)-Saltaev,M (2487) Netherlands 2015}) 7... d4 8. Nd1 Nf6 {Die Stellung ist ausgeglichen.} 9. g4 Bd6 10. g5 Nfd7 11. h4 Na6 12. a3 O-O $36 {[%mdl 2048] Schwarz kämpft um Vorteil.} 13. Bh3 (13. h5 $11) 13... Qc7 14. h5 {[#]} f5 $1 {[%mdl 512]} 15. gxf6 (15. exf5 exf5) 15... Rxf6 16. Qg2 Bf4 17. Bxf4 Qxf4 18. Rg1 {[%csl Gg1][%cal Rg2g7]} Qh6 19. Qg5 Qxg5 20. Rxg5 Nc7 21. c3 h6 22. Rg3 Nc5 23. b4 Nb3 24. Ra2 dxc3 25. Nxc3 Nd4 26. Nd1 ({Lieber} 26. Kf1) 26... a5 $17 {Und weiter mit ...axb4 wäre nett.} 27. bxa5 Rxa5 28. Bg4 b5 {[%cal Bb7b5,Bb5b4][%mdl 32]} 29. Ne3 {[#]} b4 $1 {[%mdl 512]} 30. Nc4 (30. a4 $17) (30. axb4 Rxa2) 30... Ra7 $19 31. Bd1 {[#]} (31. Kf1 {ist eine bessere Verteidigung.}) 31... Ncb5 $1 {[%cal Rb5c3]} 32. a4 Nc3 33. Rb2 Nxd1 34. Kxd1 Rxa4 35. Rg2 c5 36. Kd2 Ra1 37. Ne5 {Weiss hofft, mit Sd7 fortzusetzen.} b3 38. Nd7 $2 (38. Ke3) 38... Rf7 {Schwarz steht klar auf Gewinn.} 39. Nxc5 Ra2 40. Kc3 {Droht f4 und aus.} Rc7 41. f4 Ra8 $4 {[%mdl 40960] Precision: Weiß = 38%, Schwarz = 72%. . Loss on Time!?} (41... Ra4 $19 42. Rxb3 Rxc5+ 43. Kb2 Nxb3 44. Kxb3 Rd4) 0-1

[Event "SRB-chT 1st League Women 2018"]
[Site "Zajecar"]
[Date "2018.09.05"]
[Round "6"]
[White "Blagojevic, Tijana"]
[Black "Arsovic, Jelena"]
[Result "1-0"]
[WhiteElo "2232"]
[BlackElo "2034"]
[Annotator "TA"]
[PlyCount "83"]
[EventDate "2018.08.31"]
[EventType "team-tourn"]
[EventCountry "SRB"]
[SourceTitle "playchess.com"]
[Source "ChessBase"]
[SourceQuality "1"]

{[%evp 15,83,3,13,2,67,76,67,56,178,200,198,201,197,179,764,752,727,691,798,664,604,501,501,493,515,514,422,236,314,308,299,244,284,252,260,204,366,364,362,357,351,303,402,400,398,377,418,403,415,398,411,387,406,379,429,429,487,456,473,473,495,502,540,539,555,541,735,733,626,442]} 1. e4 c6 2. d4 d5 3. e5 Bf5 4. Nf3 e6 5. Be2 Nd7 6. O-O Ne7 7. Nbd2 c5 8. dxc5 {B12: Caro-Kann: Advance Variation} (8. c3 Nc6 9. Nb3 c4 10. Nbd2 b5 11. Re1 b4 12. Nf1 Be7 13. Ng3 Bg6 14. Be3 O-O 15. h4 Bxh4 16. Nxh4 Qxh4 17. cxb4 Nxb4 {1-0 (35) Vachier Lagrave,M (2789)-Mamedyarov,S (2808) Paris 2018}) 8... Nc6 {LiveBook: 9 Games} 9. c4 Ndxe5 (9... Be4 $11) 10. Nxe5 $14 {White is slightly better.} Nxe5 11. cxd5 Qxd5 ({Better is} 11... Bxc5 $14 12. Qa4+ Nd7) 12. Qa4+ $18 Nc6 {[#]} 13. Bf3 $1 {[%cal Rf3d5]} Qd7 {[#]} 14. Rd1 $1 $36 {[%mdl 2048] Threatens to win with Nb3. Black is under strong pressure.} O-O-O $146 (14... e5 15. Nc4 Nd4 16. Qxd7+ Bxd7) ({Predecessor:} 14... Rd8 15. Nf1 Qc8 16. Rxd8+ Kxd8 {1-0 (49) Visser,H (2255)-Roebers,E (1859) Hilversum 2018}) 15. Nc4 Qc7 {[#]} 16. Bf4 $1 {[%mdl 512]} e5 (16... Qxf4 17. Nb6+) 17. Rxd8+ Kxd8 {[#]} 18. Nxe5 $1 {[%mdl 512]} Nxe5 19. Qd4+ Ke8 20. Bxe5 Qxc5 21. Bxg7 (21. Qf4 $142 Be6 22. Rd1) 21... Qxd4 22. Bxd4 Rg8 23. Bxb7 a5 24. Bc6+ Ke7 25. Bc3 Rg6 $2 (25... Bg7 26. Bxg7 Rxg7) 26. Re1+ Kd6 27. Bf3 Bg7 28. Rd1+ Ke7 29. Bxg7 Rxg7 {[%mdl 4096] Endgame KRB-KRB} 30. Rd5 Be6 31. Rxa5 Rg8 32. g3 {[%cal Bg2g3,Bg3g4][%mdl 32]} Rc8 33. Kg2 Rc1 34. g4 Bc4 35. b3 {White is clearly winning.} Bf1+ 36. Kg3 Bd3 37. Kf4 Rc2 38. Ke3 Bg6 39. h4 {[%cal Bh2h4,Bh4h5][%mdl 32]} Rc3+ 40. Kf4 Rc2 41. h5 Bd3 42. Be4 {Precision: White = 82%, Black = 29%.} 1-0

[Event "SRB-chT 1st League Women 2018"]
[Site "Zajecar"]
[Date "2018.09.05"]
[Round "6"]
[White "Maksimovic, Suzana"]
[Black "Eric, Jovana"]
[Result "0-1"]
[WhiteElo "2166"]
[BlackElo "2261"]
[Annotator "TA"]
[PlyCount "80"]
[EventDate "2018.08.31"]
[EventType "team-tourn"]
[EventCountry "SRB"]
[SourceTitle "playchess.com"]
[Source "ChessBase"]
[SourceQuality "1"]

{[%evp 25,80,22,14,-1,2,-24,-17,-8,-15,-32,-20,-64,-50,-63,-56,-60,-33,-47,-9,-47,-50,-98,-92,-111,-98,-79,-63,-68,-76,-57,-86,-77,-78,-106,-97,-112,-103,-110,-107,-143,-145,-178,-165,-203,-202,-202,-203,-232,-234,-275,-277,-373,-366,-447,-435,-363,-307]} 1. d4 d6 2. e4 Nf6 3. Nc3 g6 4. f4 Bg7 5. Nf3 c5 6. dxc5 Qa5 7. Bd3 Qxc5 8. Qe2 Nc6 9. Be3 Qa5 10. O-O Bg4 11. h3 Bxf3 12. Qxf3 O-O 13. Kh1 Nd7 {[#] LiveBook: 19 Partien. B09: Pirc-Ufimzew-Verteidigung (Dreibauernangriff)} 14. Rab1 $146 ({Vorgänger:} 14. f5 Bxc3 15. bxc3 Qxc3 16. Bh6 Nde5 17. Qg3 Nb4 18. Rab1 Nxc2 19. Rb3 Qc5 20. Rc1 Nxd3 21. Qxd3 {1-0 (32) Antonio,R (2572)-Garcia,J (2315) Tagaytay City 2010}) 14... Nc5 15. a3 (15. Bd2 {looks sharper.} Nxd3 16. Qxd3 Nb4 17. Qe2 Qa6 18. Qd1) 15... Nxd3 {Schwarz hat minimalen Vorteil.} 16. cxd3 Bxc3 17. bxc3 Qxc3 18. Rfc1 Qxd3 19. Rxb7 Rac8 {Droht ...Sd4 und aus.} 20. Bf2 Qa6 21. Rbb1 Rc7 22. Kh2 Rfc8 {...Se5 ist eine echte Drohung.} 23. Qc3 Qe2 24. Qc2 Qxc2 25. Rxc2 {Droht Tbc1.} Na5 26. Rxc7 Rxc7 $15 {[%mdl 4096] Endspiel KTL-KTS} 27. Rb8+ Kg7 28. Ra8 Nc6 29. Kg3 h5 30. Kf3 Kf6 31. g4 {[#]} hxg4+ $1 32. hxg4 g5 33. fxg5+ Kxg5 {Weiss muss nun ...Se5+ beachten.} 34. Be3+ Kf6 35. g5+ {[#]} Ke6 $1 36. Kf4 Rb7 37. Rg8 Rb3 38. Rc8 Ne5 39. Rc7 a5 40. a4 Ra3 {Precision: Weiß = 29%, Schwarz = 88%.} 0-1

[Event "SRB-chT 1st League Women 2018"]
[Site "Zajecar"]
[Date "2018.09.05"]
[Round "6"]
[White "Rakic, Teodora"]
[Black "Nestorovic, Katarina"]
[Result "1/2-1/2"]
[WhiteElo "2052"]
[BlackElo "1975"]
[Annotator "NA"]
[PlyCount "59"]
[EventDate "2018.08.31"]
[EventType "team-tourn"]
[EventCountry "SRB"]
[SourceTitle "playchess.com"]
[Source "ChessBase"]
[SourceQuality "1"]
[TimeControl "40/5400+30:1800+30"]

1. d4 {[%emt 0:00:00]} Nf6 {[%emt 0:00:00]} 2. Nf3 {[%emt 0:00:00]} g6 {[%emt 0:07:59]} 3. c4 {[%emt 0:03:14]} Bg7 {[%emt 0:00:09]} 4. Nc3 {[%emt 0:00:10]} d6 {[%emt 0:00:07]} 5. e4 {[%emt 0:00:46]} O-O {[%emt 0:01:11]} 6. h3 {[%emt 0:01:11]} e5 {[%emt 0:08:33]} 7. d5 {[%emt 0:06:20]} Na6 {[%emt 0:06:24]} 8. Be3 Nd7 9. g4 {[%emt 0:05:31]} f5 {[%emt 0:03:56]} 10. gxf5 {[%emt 0:04:36]} gxf5 {[%emt 0:00:07]} 11. exf5 {[%emt 0:09:24]} Ndc5 {[%emt 0:04:46]} 12. Bg5 {[%emt 0:16:05]} Qe8 {[%emt 0:01:17]} 13. Nh4 {[%emt 0:01:58]} e4 {[%emt 0:06:41]} 14. Rg1 {[%emt 0:14:09]} Kh8 {[%emt 0:19:29]} 15. Be3 {[%emt 0:06:49]} Bxf5 {[%emt 0:02:10]} 16. Nxf5 {[%emt 0:07:18]} Rxf5 {[%emt 0:00:08]} 17. Qg4 {[%emt 0:00:36]} Qf7 {[%emt 0:09:57]} 18. O-O-O {[%emt 0:07:18]} Nb4 {[%emt 0:00:36]} 19. Nxe4 {[%emt 0:06:04]} Nxe4 {[%emt 0:01:22]} 20. Qxe4 {[%emt 0:00:02]} Re8 {[%emt 0:01:00]} 21. Qg4 {[%emt 0:02:29]} Rxe3 {[%emt 0:20:39]} 22. fxe3 {[%emt 0:02:45]} Bh6 {[%emt 0:00:00]} 23. Kb1 {[%emt 0:01:12]} Bxe3 {[%emt 0:00:16]} 24. a3 {[%emt 0:01:31]} Bxg1 {[%emt 0:00:56]} 25. Qxg1 {[%emt 0:01:25]} Rf2 {[%emt 0:01:11]} 26. Qg5 {[%emt 0:01:29]} Rxf1 {[%emt 0:01:21]} 27. Qd8+ {[%emt 0:00:02]} Kg7 {[%emt 0:02:01]} 28. Qg5+ {[%emt 0:00:06]} Kh8 {[%emt 0:00:33]} 29. Qd8+ {[%emt 0:00:05]} Kg7 {[%emt 0:00:04]} 30. Qg5+ {[%emt 0:00:06]} 1/2-1/2

[Event "SRB-chT 1st League Women 2018"]
[Site "Zajecar"]
[Date "2018.09.05"]
[Round "6"]
[White "Tomin, Ksenija"]
[Black "Kovacevic, Radmila"]
[Result "1-0"]
[WhiteElo "2006"]
[BlackElo "2144"]
[Annotator "NA"]
[PlyCount "93"]
[EventDate "2018.08.31"]
[EventType "team-tourn"]
[EventCountry "SRB"]
[SourceTitle "playchess.com"]
[Source "ChessBase"]
[SourceQuality "1"]
[TimeControl "40/5400+30:1800+30"]

1. e4 {[%emt 0:00:00]} c5 {[%emt 0:00:00]} 2. Nf3 {[%emt 0:00:00]} d6 {[%emt 0:00:05]} 3. d4 {[%emt 0:00:28]} cxd4 {[%emt 0:01:12]} 4. Nxd4 {[%emt 0:00:07]} Nc6 {[%emt 0:01:34]} 5. Nc3 {[%emt 0:02:37]} Nf6 {[%emt 0:03:35]} 6. Be2 {[%emt 0:03:38]} e5 {[%emt 0:03:31]} 7. Nb3 {[%emt 0:03:51]} Be7 {[%emt 0:02:52]} 8. O-O {[%emt 0:01:12]} O-O {[%emt 0:00:14]} 9. f3 {[%emt 0:18:22]} Be6 {[%emt 0:01:09]} 10. Nd5 {[%emt 0:03:50]} Bxd5 {[%emt 0:25:50] B59: Classical Sicilian: 6 Be2 e5 7 Nb3} 11. exd5 {[%emt 0:00:18]} Nb4 {[%emt 0:00:11]} 12. c4 {[%emt 0:02:33]} Qb6+ {[%emt 0:01:56]} 13. Kh1 {[%emt 0:01:10]} a5 {[%emt 0:00:35]} 14. a3 $146 {[%emt 0:07:47]} ({Predecessor:} 14. Bd2 a4 15. Nc1 Na6 16. Rb1 Nc5 {0-1 (42) Valdes Rodriguez,E (1291)-Onder,E (2221) LSS email 2011}) 14... Na6 {[%emt 0:05:09]} 15. a4 {[%emt 0:00:48]} Nb4 {[%emt 0:02:03]} 16. Bd2 {[%emt 0:06:42]} Nh5 {[%emt 0:01:51]} 17. g3 {[%emt 0:04:47]} f5 {[%emt 0:01:56]} 18. f4 {[%emt 0:04:55]} Nf6 {[%emt 0:01:52]} 19. Bc3 {[%emt 0:02:43]} Ne4 {[%emt 0:13:12]} 20. fxe5 {[%emt 0:04:02]} dxe5 {[%emt 0:05:03]} 21. Bxe5 {[%emt 0:01:14]} Qh6 {[%emt 0:05:48]} 22. Nd4 {[%emt 0:09:27]} f4 {[%emt 0:04:12]} 23. Bxf4 {[%emt 0:02:01]} g5 {[%emt 0:03:02]} 24. Be5 {[%emt 0:04:34]} Rf2 {[%emt 0:01:43]} 25. h4 {[%emt 0:06:54]} Raf8 {[%emt 0:03:58]} 26. Qc1 {[%emt 0:02:46]} Bd6 {[%emt 0:03:37]} 27. Bxd6 {[%emt 0:01:28]} Qxd6 {[%emt 0:00:07]} 28. Rxf2 {[%emt 0:00:12]} Rxf2 {[%emt 0:00:17]} 29. Qe3 {[%emt 0:01:13]} Nxg3+ {[%emt 0:05:38]} 30. Kg1 {[%emt 0:00:14]} Ne4 {[%emt 0:01:04]} 31. Qh3 {[%emt 0:01:42]} Nc2 {[%emt 0:00:33]} 32. Nxc2 {[%emt 0:02:08]} Rxe2 {[%emt 0:00:23]} 33. Nd4 {[%emt 0:00:42]} Qc5 {[%emt 0:01:28]} 34. Qe6+ {[%emt 0:00:43]} Kg7 {[%emt 0:00:19]} 35. Qe5+ {[%emt 0:00:26]} Kg8 {[%emt 0:00:04]} 36. Qe6+ {[%emt 0:00:44]} Kg7 {[%emt 0:00:04]} 37. Qe5+ {[%emt 0:00:46]} Kg8 {[%emt 0:00:26]} 38. Rf1 {[%emt 0:00:50]} Qb6 {[%emt 0:01:13]} 39. Qe8+ {[%emt 0:00:37]} Kg7 {[%emt 0:00:05]} 40. Qf8+ {[%emt 0:00:00]} Kg6 {[%emt 0:00:00]} 41. Qf7+ {[%emt 0:04:02]} Kh6 {[%emt 0:00:39]} 42. c5 {[%emt 0:01:28]} Rg2+ {[%emt 0:04:05]} 43. Kxg2 $18 {[%emt 0:03:08]} Qxb2+ {[%emt 0:00:04]} 44. Rf2 {[%emt 0:01:08]} Qxd4 {[%emt 0:00:12]} 45. hxg5+ {[%emt 0:00:48]} Kxg5 {[%emt 0:00:13]} 46. Rf5+ {[%emt 0:00:22]} Kg4 {[%emt 0:00:13]} 47. Qh5# {[%emt 0:00:11]} 1-0

[Event "SRB-chT 1st League Women 2018"]
[Site "Zajecar"]
[Date "2018.09.05"]
[Round "6"]
[White "Milanovic, Maja"]
[Black "Stanimirovic, Marija"]
[Result "1/2-1/2"]
[WhiteElo "1940"]
[BlackElo "1901"]
[Annotator "NA RC"]
[PlyCount "105"]
[EventDate "2018.08.31"]
[EventType "team-tourn"]
[EventCountry "SRB"]
[SourceTitle "playchess.com"]
[Source "ChessBase"]
[SourceQuality "1"]
[TimeControl "40/5400+30:1800+30"]

1. e4 {[%emt 0:00:00]} c5 {[%emt 0:00:00]} 2. Nf3 {[%emt 0:00:00]} d6 {[%emt 0:00:00]} 3. d4 {[%emt 0:00:00]} cxd4 {[%emt 0:00:00]} 4. Nxd4 {[%emt 0:00:00]} Nf6 {[%emt 0:00:06]} 5. Nc3 {[%emt 0:00:00]} a6 {[%emt 0:00:07]} 6. h3 {[%emt 0:00:00]} e5 {[%emt 0:03:09]} 7. Nde2 {[%emt 0:01:14]} Be7 {[%emt 0:03:59]} 8. Bg5 {[%emt 0:04:55] B90: Sicilian Najdorf: Unusual White 6th moves, 6 Be3 Ng4 and 6 Be3 e5} (8. g4 O-O 9. Be3 Nbd7 10. Ng3 b5 11. g5 Ne8 12. h4 Bb7 13. Nd5 Bxd5 14. Qxd5 Nc7 15. Qd2 Ne6 {1-0 (42) Swiercz,D (2629)-Kempinski,R (2647) Poland 2015}) 8... O-O $146 {[%emt 0:06:29]} ({Predecessor:} 8... Nbd7 9. Ng3 Nf8 10. Bc4 Be6 11. Bxf6 Bxf6 12. Bd5 Qd7 13. Qf3 Rg8 14. O-O Ng6 15. Nf5 Bxf5 16. Qxf5 {1-0 (48) Vibbert,S (2240)-Kong,D (2051) Los Angeles 2012}) 9. Bxf6 {[%emt 0:00:31]} Bxf6 {[%emt 0:02:22]} 10. Nd5 {[%emt 0:00:15]} Bg5 {[%emt 0:03:38]} 11. Nec3 {[%emt 0:10:19]} Bh6 {[%emt 0:18:59]} 12. g4 {[%emt 0:17:13]} Bg5 {[%emt 0:08:09]} 13. Qf3 {[%emt 0:08:43]} Nc6 {[%emt 0:07:53]} 14. Bd3 {[%emt 0:07:43]} Nd4 {[%emt 0:00:54]} 15. Qg2 {[%emt 0:02:30]} b5 {[%emt 0:13:11]} 16. Ne2 {[%emt 0:05:57]} Nxe2 {[%emt 0:04:17]} 17. Kxe2 {[%emt 0:00:08]} Bb7 {[%emt 0:02:05]} 18. Ne3 {[%emt 0:24:38]} Bxe3 {[%emt 0:03:39]} 19. fxe3 {[%emt 0:00:12]} Qe7 {[%emt 0:12:25]} 20. Raf1 {[%emt 0:03:46]} b4 {[%emt 0:03:32]} 21. g5 {[%emt 0:03:11]} a5 {[%emt 0:01:10]} 22. h4 {[%emt 0:04:33]} Ba6 {[%emt 0:02:24]} 23. Bxa6 {[%emt 0:02:29]} Rxa6 {[%emt 0:00:02]} 24. h5 {[%emt 0:01:50]} Rc6 {[%emt 0:01:16]} 25. Kd2 {[%emt 0:00:43]} Qc7 {[%emt 0:01:11]} 26. Kd1 {[%emt 0:01:01]} Rc8 {[%emt 0:00:57]} 27. Rf2 {[%emt 0:00:04]} Qa7 {[%emt 0:00:49]} 28. Qf3 {[%emt 0:00:58]} a4 {[%emt 0:00:34]} 29. g6 {[%emt 0:00:37]} h6 {[%emt 0:00:24]} 30. gxf7+ {[%emt 0:00:30]} Kf8 {[%emt 0:00:06]} 31. Rd2 {[%emt 0:00:44]} b3 {[%emt 0:00:31]} 32. axb3 {[%emt 0:00:13]} axb3 {[%emt 0:00:08]} 33. c3 {[%emt 0:00:22]} Ra6 {[%emt 0:01:17]} 34. Ke2 {[%emt 0:00:33]} Qxf7 {[%emt 0:00:38]} 35. Qxf7+ {[%emt 0:00:56]} Kxf7 {[%emt 0:00:04]} 36. Rf1+ {[%emt 0:00:08]} Ke7 {[%emt 0:00:24]} 37. Kd3 {[%emt 0:00:24]} Rf8 {[%emt 0:00:55]} 38. Rg1 {[%emt 0:00:14]} Rf7 {[%emt 0:00:16]} 39. Rdg2 {[%emt 0:00:11]} Kf8 {[%emt 0:00:15]} 40. c4 {[%emt 0:00:00]} Ra4 {[%emt 0:00:00]} 41. Rc1 {[%emt 0:03:27]} Rc7 {[%emt 0:10:33]} 42. Rg6 {[%emt 0:01:35]} Ra2 {[%emt 0:00:56]} 43. Kc3 {[%emt 0:02:11]} Ra6 {[%emt 0:06:09]} 44. Kxb3 {[%emt 0:03:20]} Rb6+ {[%emt 0:00:16]} 45. Kc3 {[%emt 0:02:25]} Rcb7 {[%emt 0:00:17]} 46. Rc2 {[%emt 0:05:59]} (46. Kd3 $16) 46... Rb3+ {[%emt 0:02:23]} 47. Kd2 {[%emt 0:00:06]} Rxb2 $2 {[%emt 0:02:38]} (47... R7b6 $11) 48. Rxd6 {[%emt 0:00:38]} Rb1 {[%emt 0:05:46]} 49. Rd5 {[%emt 0:03:10]} R7b3 {[%emt 0:02:32]} 50. Rxe5 {[%emt 0:02:43]} (50. c5 $18 Rh1 51. c6 (51. Rxe5 Rh2+ 52. Kc1 Rh1+ 53. Kd2 Rh2+ 54. Kc1 Rh1+ 55. Kd2 $11) 51... Rh2+ 52. Kc1 Rh1+ 53. Rd1 Rxd1+ 54. Kxd1) 50... Rh1 {[%emt 0:00:25]} 51. Rf5+ {[%emt 0:04:10]} Ke7 {[%emt 0:00:09]} 52. Rf2 {[%emt 0:00:25]} Rxh5 {[%emt 0:00:46]} 53. c5 $11 {[%emt 0:00:52]} 1/2-1/2